| 000 | 00488nam a2200181Ia 4500 | ||
|---|---|---|---|
| 001 | 4612 | ||
| 005 | 20260306145809.0 | ||
| 008 | 260306t2008||||xx |||||||||||||| ||spa|| | ||
| 041 | _aESP | ||
| 082 |
_a327.73 _bG26 2008 |
||
| 100 |
_aGarzón Vallejo, Iván Darío _eAUT |
||
| 245 | 0 |
_aDel comunismo al terrorismo: _bla contención en el mundo de la posguerra fría |
|
| 260 | _c2008 | ||
| 300 |
_a196 páginas : _c23 cm. |
||
| 650 | _aGEN | ||
| 654 | _aCHU | ||
| 942 |
_cLIB _dJUS _fJUS _2ddc _n |
||
| 999 |
_c4612 _d4612 |
||